Your Sacred Self : Making the Decision to be Free (Record no. 321142)

000 -LEADER
fixed length control field 00361 a2200145 4500
001 - CONTROL NUMBER
control field 86069
003 - CONTROL NUMBER IDENTIFIER
control field NUST
005 - DATE AND TIME OF LATEST TRANSACTION
control field 20180120160847.0
008 - FIXED-LENGTH DATA ELEMENTS--GENERAL INFORMATION
fixed length control field 180120b xxu||||| |||| 00| 0 eng d
020 ## - INTERNATIONAL STANDARD BOOK NUMBER
International Standard Book Number 0060935839
082 ## - DEWEY DECIMAL CLASSIFICATION NUMBER
Classification number 291.44 DYE
100 ## - MAIN ENTRY--PERSONAL NAME
Personal name Wayne W. Dyer
9 (RLIN) 9302
245 ## - TITLE STATEMENT
Title Your Sacred Self : Making the Decision to be Free
260 ## - PUBLICATION, DISTRIBUTION, ETC.
Place of publication, distribution, etc. New York
Name of publisher, distributor, etc. Quill
Date of publication, distribution, etc. 2001
300 ## - PHYSICAL DESCRIPTION
Extent xiii 380p.
500 ## - GENERAL NOTE
General note PAF Book Club
942 ## - ADDED ENTRY ELEMENTS (KOHA)
Institution code [OBSOLETE] CAE NUST
Koha item type Book
Call number prefix 291.44 DYE
Source of classification or shelving scheme
Holdings
Withdrawn status Lost status Damaged status Not for loan Collection code Permanent Location Current Location Date acquired Total Checkouts Full call number Barcode Date last seen Price effective from Koha item type
          College of Aeronautical Engineering (CAE) College of Aeronautical Engineering (CAE) 04/03/2017   291.44 DYE CAE85134 04/05/2017 04/05/2017 Book
          College of Aeronautical Engineering (CAE) College of Aeronautical Engineering (CAE) 04/03/2017   291.44 DYE CAE85135 04/05/2017 04/05/2017 Book
© 2023 Central Library, National University of Sciences and Technology. All Rights Reserved.